Lapiace transformation [and]fourier transformation (Record no. 81760)

MARC details
000 -LEADER
fixed length control field 00513nam a22001817a 4500
005 - DATE AND TIME OF LATEST TRANSACTION
control field 20140109120133.0
010 ## - LCCN (DPL NO)
LC control number ENG-109057
020 ## - INTERNATIONAL STANDARD BOOK NUMBER
International Standard Book Number 9788189331221
Terms of availability 395.00
035 ## - SYSTEM CONTROL NUMBER
System control number EN-925590
037 ## - SOURCE OF ACQUISITION
Source of stock number/acquisition DBAD/PUB
100 ## - MAIN ENTRY--PERSONAL NAME
Personal name Garg arvind
245 ## - TITLE STATEMENT
Title Lapiace transformation [and]fourier transformation
Statement of responsibility, etc by Arvind Garg
260 ## - PUBLICATION, DISTRIBUTION, ETC. (IMPRINT)
Place of publication, distribution, etc Chandigarh
Name of publisher, distributor, etc Enkay chd
Date of publication, distribution, etc 2012
270 ## - ADDRESS
Address SCO 49-51, Basement, Sector 17C
City Chandigarh
Postal code 160017
300 ## - PHYSICAL DESCRIPTION
Extent 135p.
Dimensions 20cm(Hb)
700 ## - ADDED ENTRY--PERSONAL NAME
Dates associated with a name Garg Arvind
942 ## - ADDED ENTRY ELEMENTS (KOHA)
Source of classification or shelving scheme Dewey Decimal Classification
Item type English Books
Call number suffix Gar
Holdings
Withdrawn status Lost status Not for loan Collection code Home library Current library Date acquired Source of acquisition Cost, normal purchase price Full call number Barcode Copy number Cost, replacement price Koha item type
    Not For Loan Non-fiction D.B.Act.Division D.B.Act.Division 09/01/2014 DBAD/PUB 395.00 Gar e 1 395.00 English Books

© Delhi Public Library
Hit Counter
free hit counter